Berani gagal

Bibliographic Details
Main Author: Lim, Billi P.S (Author)
Format: Book
Language:Malay
Published: Petaling Jaya : Hardknocks Factory 1997
Subjects:

MARC

LEADER 00000cam a2200000 7i4500
001 0000005852
005 20240930.0
008 000128 my a may
020 |a 9839823067 
040 |a INS   |b eng   |e rda 
090 0 0 |a BF575.F14.   |b L56 1997 
100 1 |a Lim, Billi P.S. ,   |e author 
245 1 0 |a Berani gagal   |c oleh Billi P.S. Lim 
264 1 |a Petaling Jaya :   |b Hardknocks Factory   |c 1997 
264 4 |c ©1997 
300 |a 314 pages :   |b illustrations ;   |c 22 cm. 
336 |a text  |2 rdacontent 
337 |a unmediated  |2 rdamedia 
338 |a volume  |2 rdacarrier 
650 0 |a Failure (psychology) 
650 0 |a Fear of failure 
650 0 |a Losers 
999 |a 0000007359   |b BOOK   |c Open Shelf   |e Default branch